Central Library OPAC University of Rajshahi

মুক্তিযুদ্ধের দুই যুগ / (Record no. 54907)

MARC details
000 -LEADER
fixed length control field 00806nam a2200229 a 4500
001 - CONTROL NUMBER
control field 54907
003 - CONTROL NUMBER IDENTIFIER
rucl marc code BD-RjUL
005 - DATE AND TIME OF LATEST TRANSACTION
control field 20211209080203.0
008 - FIXED-LENGTH DATA ELEMENTS--GENERAL INFORMATION
fixed length control field 161112s1994 bg ||||| |||| 00| 0 ben d
020 ## - INTERNATIONAL STANDARD BOOK NUMBER
International Standard Book Number 9844012174
Terms of availability : Tk 60.00
035 ## - SYSTEM CONTROL NUMBER
System control number (BD-RjUL)55029
040 ## - CATALOGING SOURCE
Original cataloging agency BD-RjUL
Language of cataloging ben
Transcribing agency BD-RjUL
041 ## - LANGUAGE CODE
Language code of text/sound track or separate title ben
082 ## - DEWEY DECIMAL CLASSIFICATION NUMBER
Edition number 23
Classification number 954.9205
Author mark and year HAM 1994
100 ## - MAIN ENTRY--PERSONAL NAME
Personal name হাবীব, হারুন
9 (RLIN) 163682
245 10 - TITLE STATEMENT
Title মুক্তিযুদ্ধের দুই যুগ /
Statement of responsibility, etc. হারুন হাবীব
260 ## - PUBLICATION, DISTRIBUTION, ETC. (IMPRINT)
Place of publication, distribution, etc. ঢাকা :
Name of publisher, distributor, etc. আগামী প্রকাশনী,
Date of publication, distribution, etc. ১৯৯৪
300 ## - PHYSICAL DESCRIPTION
Pagination ৯৫ পৃ. ;
Size ২১ সেমি.
651 ## - SUBJECT ADDED ENTRY--GEOGRAPHIC NAME
Geographic name বাংলাদেশ
General subdivision ইতিহাস
9 (RLIN) 163683
Geographic name Bangladesh
General subdivision History
9 (RLIN) 163684
942 ## - ADDED ENTRY ELEMENTS (KOHA)
Source of classification or shelving scheme Dewey Decimal Classification
Koha item type Books
Holdings
Lost status Source of classification or shelving scheme Damaged status Not for loan Collection code Permanent Location Current Location Shelving location Date acquired Source of acquisition Cost, normal purchase price Total Checkouts Full call number Date last seen Copy number Koha item type
  Dewey Decimal Classification     Non-fiction Central Library, University of Rajshahi Central Library, University of Rajshahi   11/01/1999 Agami prokashoni 60.00   B 954.9205 HAM 1994 12/11/2016 C-2 Books
  Dewey Decimal Classification   Not For Loan Non-fiction Central Library, University of Rajshahi Central Library, University of Rajshahi Reading Room 11/01/1999 Agami prokashoni 60.00   B 954.9205 HAM 1994 02/03/2017 C-1 Books